Carlos Marx [y] Federico Engels /

Obra que plantea un esbozo biográfico de Marx (1818-1883) y Engels (1820-1895), así como los procesos que incidieron en el cambio de pensamiento de ambos. Contiene: 1) Los años de infancia y de juventud: la izquierda hegeliana, 1818/20-1844; 2) Del liberalismo democrático al comunismo; 3) Marx en Pa...

Бүрэн тодорхойлолт

-д хадгалсан:
Номзүйн дэлгэрэнгүй
Үндсэн зохиолч: Cornu, Auguste (autor)
Бусад зохиолчид: Canto, Patricio (traducción) (traducción), Alemán, Matilde (traducción) (traducción), Mazía, Floreal (traducción) (traducción)
Формат: Ном
Хэл сонгох:испани
Хэвлэсэн: Buenos Aires, Argentina : Platina : Stilograf, 1965, c1965
Цуврал:(Hechos, Ideas y Ciencia)
Нөхцлүүд:
Шошгууд: Шошго нэмэх
Шошго байхгүй, Энэхүү баримтыг шошголох эхний хүн болох!

MARC

LEADER 00000nam^a2200000^a^4500
001 000183698
005 20250521000000.0
009 20260310102051.275
037 |a Acervo ITESO - Biblioteca 
041 |a ESP 
082 |a 146. 32  |b MAR EST COR 
100 |a Cornu, Auguste  |e (autor) 
240 1 1 |a [Karl Marx y Friedrich Engels] 
245 1 0 |a Carlos Marx [y] Federico Engels /  |c A. Cornu ; tr. por P. Canto, M. Alemán, F. Mazia. 
264 4 |a Buenos Aires, Argentina :  |b Platina :  |b Stilograf,  |c 1965, c1965 
300 |a 703 p. 
336 |a texto  |b txt  |2 rdacontenido 
337 |a sin mediación  |b n  |2 rdamedio 
338 |a volumen  |b nc  |2 rdasoporte 
440 1 |a (Hechos, Ideas y Ciencia) 
520 |a Obra que plantea un esbozo biográfico de Marx (1818-1883) y Engels (1820-1895), así como los procesos que incidieron en el cambio de pensamiento de ambos. Contiene: 1) Los años de infancia y de juventud: la izquierda hegeliana, 1818/20-1844; 2) Del liberalismo democrático al comunismo; 3) Marx en París. 
649 |a XX 
650 |a Filósofos Alemanes 
650 |a Economistas Alemanes 
650 |a Politólogos Alemanes 
650 |a Obreros -  |z Inglaterra -  |x Condiciones Sociales y Culturales 
650 |a Judíos en Europa -  |x Historia -  |y Siglo XIX 
650 |a Judíos en Europa -  |x Condiciones Sociales y Culturales 
650 |a Movimientos Políticos -  |z Francia -  |x Historia -  |y Siglo XIX 
650 |a Movimientos Sociales -  |z Francia -  |x Historia -  |y Siglo XIX 
650 |a Periódicos -  |z Alemania -  |x Historia -  |y Siglo XIX 
650 |a Medios de Impresos -  |z Alemania -  |x Historia -  |y Siglo XIX 
650 |a Medios de Comunicación -  |z Alemania -  |x Historia -  |y Siglo XIX 
650 |a Lucha Política -  |z Europa -  |x Historia -  |y Siglo XIX 
650 |a Política -  |z Europa -  |x Historia -  |y Siglo XIX 
650 |a Idealismo -  |x Historia y Crítica 
650 |a Comunismo -  |x Historia y Crítica 
650 |a Materialismo Histórico y Dialéctico -  |x Historia y Crítica 
650 |a Marxismo -  |x Historia y Crítica -  |x Tema Principal 
650 |a Filosofía del Siglo XIX -  |x Historia y Crítica 
650 |a Filosofía Alemana -  |x Historia y Crítica 
650 |a Europa -  |x Historia -  |y Siglo XIX 
650 |a Marx, Karl 
650 |a Engels, Friedrich 
700 |a Canto, Patricio  |e (traducción) 
700 |a Alemán, Matilde  |e (traducción) 
700 |a Mazía, Floreal  |e (traducción) 
910 |a Fondo Armando Suárez Gómez 
920 |a Impresos - Libros 
930 |a Fondos Especiales 
905 |a 111 
901 |a 0700004145  |b IT2  |c ESP  |u 20250521 
902 |a https://opac.biblio.iteso.mx/vufind/Record/000183698